The birthday party of dread / (Record no. 616)

MARC details
000 -LEADER
fixed length control field 01529cam a22003497a 4500
005 - DATE AND TIME OF LATEST TRANSACTION
control field 20230627090426.0
020 ## - INTERNATIONAL STANDARD BOOK NUMBER
International Standard Book Number 9780399255236
020 ## - INTERNATIONAL STANDARD BOOK NUMBER
International Standard Book Number 0399255230
040 ## - CATALOGING SOURCE
Original cataloging agency BTCTA
Language of cataloging eng
Transcribing agency BTCTA
Modifying agency YEQ
-- CPG
-- UPZ
-- DLC
-- DLC
-- FISKH
050 00 - LIBRARY OF CONGRESS CALL NUMBER
Classification number PZ7.R32875
Item number Bir 2012
082 04 - DEWEY DECIMAL CLASSIFICATION NUMBER
Classification number 741.5973
Edition number 23
100 1# - MAIN ENTRY--PERSONAL NAME
Personal name Rex, Michael.
245 14 - TITLE STATEMENT
Title The birthday party of dread /
Statement of responsibility, etc. Michael Rex..
260 ## - PUBLICATION, DISTRIBUTION, ETC.
Place of publication, distribution, etc. New York :
Name of publisher, distributor, etc. G. P. Putnam's Songs,
Date of publication, distribution, etc. 2012.
300 ## - PHYSICAL DESCRIPTION
Extent 122 pages :
Other physical details color illustrations ;
Dimensions 19 cm.
490 0# - SERIES STATEMENT
Series statement Fangbone! third-grade barbarian ;
Volume/sequential designation 3
505 ## - FORMATTED CONTENTS NOTE
Formatted contents note F
520 ## - SUMMARY, ETC.
Summary, etc. "Fangbone and his friends are full of project ideas for Eastwood Elementary's "Invention Convention". Unfortunately, the evil Venomous Drool has ideas of his own, like sending a horrible creature to crush Fangbone! But when a misdirected spell at a birthday party sends the terrifying monster to attack Bill instead, Fangbone must invent a way to save his best friend--and fast!"--P. [4] of cover.
521 ## - TARGET AUDIENCE NOTE
Target audience note 350 <br/>
Source Lexile GN
521 ## - TARGET AUDIENCE NOTE
Target audience note F <br/>
Source Raz-Plus
650 #0 - SUBJECT ADDED ENTRY--TOPICAL TERM
Topical term or geographic name entry element Extraterrestrial beings
Form subdivision Comic books, strips, etc.
650 #0 - SUBJECT ADDED ENTRY--TOPICAL TERM
Topical term or geographic name entry element Extraterrestrial beings
Form subdivision Juvenile fiction.
650 #0 - SUBJECT ADDED ENTRY--TOPICAL TERM
Topical term or geographic name entry element Monsters
Form subdivision Comic books, strips, etc.
650 #0 - SUBJECT ADDED ENTRY--TOPICAL TERM
Topical term or geographic name entry element Monsters
Form subdivision Juvenile fiction.
650 #1 - SUBJECT ADDED ENTRY--TOPICAL TERM
Topical term or geographic name entry element Graphic novels.
655 #0 - INDEX TERM--GENRE/FORM
Genre/form data or focus term Science fiction comic books, strips, etc.
655 #7 - INDEX TERM--GENRE/FORM
Genre/form data or focus term Graphic novels.
Source of term lcsh
906 ## - LOCAL DATA ELEMENT F, LDF (RLIN)
a 7
b cbc
c copycat
d 2
e ncip
f 20
g y-gencatlg
942 ## - ADDED ENTRY ELEMENTS (KOHA)
Source of classification or shelving scheme Dewey Decimal Classification
Koha item type Books
Suppress in OPAC No
999 ## -
-- 616
-- 616
Holdings
Withdrawn status Lost status Source of classification or shelving scheme Damaged status Not for loan Collection Home library Current library Shelving location Date acquired Total Checkouts Full call number Barcode Date last seen Date last checked out Price effective from Koha item type
    Dewey Decimal Classification     Juvenile Fiction Footprints International School Library Network Toul Kork Campus Footprints International School Library Network Toul Kork Campus TK Primary Library Room(4th Floor), Bookcase 7, Shelves 57-60, Dark Green Books 06/27/2023 1 REX 741.5973 PZ7.R32875 FISTK00359 11/22/2023 08/16/2023 06/27/2023 Books